Nghiên cứu mức độ lo âu của học sinh khối 12 huyện Mỹ Lộc – Nam Định

Nghiên cứu cơ sở lý luận về lo âu và mức độ lo âu của học sinh. Khảo sát thực trạng lo âu của học sinh trường THPT Mỹ Lộc – trường THPT Trần Văn Lan. Đề xuất biện pháp giúp học sinh có được sự hiểu biết đúng đắn, có kĩ năng phòng ngừa và làm giảm lo âu để có kết quả học tập tốt....

全面介紹

Đã lưu trong:
書目詳細資料
主要作者: Đặng Lai Thao
其他作者: Bùi Thị Thanh Diệu (Hướng dẫn)
格式: 圖書
語言:Vietnamese
出版: Đà Nẵng Đại học Sư phạm, Đại học Đà Nẵng 2013
主題:
標簽: 添加標簽
沒有標簽, 成為第一個標記此記錄!
Thư viện lưu trữ: Mạng thư viện Đại học Đà Nẵng
LEADER 02027nam a2200385 4500
001 000018515
003 14947
005 20131115101159.0
008 131115s2013 viesd
041 |a vie 
082 1 4 |a 370.153  |b ĐĂ-T 
100 1 |a Đặng Lai Thao 
245 1 |a Nghiên cứu mức độ lo âu của học sinh khối 12 huyện Mỹ Lộc – Nam Định  |c Đặng Lai Thao ; Bùi Thị Thanh Diệu hướng dẫn  |k Khóa luận tốt nghiệp 
260 |a Đà Nẵng  |b Đại học Sư phạm, Đại học Đà Nẵng  |c 2013 
300 |a 60 tr., phụ lục 5 tr.  |b mh.  |c 29 cm.  |e Bản tóm tắt 
500 |a Khóa luận tốt nghiệp đại học. Chuyên ngành: Cử nhân Tâm lý 
504 |a Mục lục đầu trang, tài liệu tham khảo tr. 73 - 74, phụ lục [13 tr.] 
520 |a Nghiên cứu cơ sở lý luận về lo âu và mức độ lo âu của học sinh. Khảo sát thực trạng lo âu của học sinh trường THPT Mỹ Lộc – trường THPT Trần Văn Lan. Đề xuất biện pháp giúp học sinh có được sự hiểu biết đúng đắn, có kĩ năng phòng ngừa và làm giảm lo âu để có kết quả học tập tốt. 
600 1 4 |b Vua  |c Đinh Tiên Hoàng 
650 0 4 |a Tâm lý học sinh  |v Khóa luận tốt nghiệp  |x Nghiên cứu  |z Nam Định (Mỹ Lộc) 
653 |a Khoa Tâm lý - Giáo dục 
653 |a Tâm lý học sinh 
653 |a Lo âu 
653 |a Học sinh lớp 12 
700 1 |a Bùi Thị Thanh Diệu  |e Hướng dẫn 
OWN |a LSP 
AVA |a UDN50  |b LSP  |d 370.153 ĐĂ-T  |e available  |t Error 5001 Not defined in file expand_doc_bib_avail.  |f 1  |g 0  |h N  |i 0  |k 1 
999 |a From the UDN01 
AVA |a UDN50  |b LSP  |d 370.153 ĐĂ-T  |e available  |t Error 5001 Not defined in file expand_doc_bib_avail.  |f 1  |g 0  |h N  |i 0  |k 1 
TYP |a Monograph 
TYP |a Printed language 
980 |a Mạng thư viện Đại học Đà Nẵng